00393nam a2200157Ia 4500008004100000020001800041082001600059100002200075245002800097250000600125260002900131300001400160500002500174650001400199700002200213230524s9999 xx 000 0 und d a9788131717189 a621.37bBEC aThomas G.Beckwith 0aMechanical Measurements a9 aNew DelhibPearsonc2012 a"1;777p," aQuantity Number: 40 aMechanics aJohn H.Leinhard V